-
RAJPUT, HAKIM SINGH AND PORWAL, SUNIL SONKAR & SINGH, SUMAN
Entry Personal Name
Number of records used in: 1
001 - CONTROL NUMBER
003 - CONTROL NUMBER IDENTIFIER
005 - DATE AND TIME OF LATEST TRANSACTION
- control field:
20251120121553.0
008 - FIXED-LENGTH DATA ELEMENTS
- fixed length control field:
251120|| aca||aabn | a|a d
040 ## - CATALOGING SOURCE
- Original cataloging agency:
JRU
- Transcribing agency:
JRU
100 ## - HEADING--PERSONAL NAME
- Personal name:
RAJPUT, HAKIM SINGH AND PORWAL, SUNIL SONKAR & SINGH, SUMAN
670 ## - SOURCE DATA FOUND
- Source citation:
Work cat.: (JRU)8922: RAJPUT, HAKIM SINGH AND PORWAL, SUNIL SONKAR & SINGH, SUMAN, A TEXTBOOK OF PHYSICAL PHARMACEUTICS - II FOR THE STUDENTS OF B. PHARMA [4TH SEMESTER], 2025